[Event "35th Zalakaros Open 2016"]
[Site "Zalakaros HUN"]
[Date "2016.06.02"]
[Round "7.50"]
[White "Krstulovic, Alex"]
[Black "Gyurkovics, Bence Dr."]
[Result "1/2-1/2"]
[WhiteTitle "FM"]
[WhiteElo "2292"]
[BlackElo "2233"]
[WhiteFideId "760056"]
[BlackFideId "731927"]
[EventDate "2016.05.27"]

1. d4 Nf6 2. c4 e6 3. Nf3 d5 4. Nc3 Bb4 5. Bg5 dxc4 6. e4 c5 7. Bxc4 cxd4 8.
Nxd4 Qa5 9. Bb5+ Bd7 10. Bxf6 Bxc3+ 11. bxc3 gxf6 12. Bxd7+ Nxd7 13. O-O Nc5 14.
Qf3 Ke7 15. Rfe1 Qc7 16. Rab1 a6 17. Qe3 Rhg8 18. Rbd1 Rg5 19. g3 Rag8 20. Kh1
h5 21. h4 Rg4 22. Qf3 Qe5 23. Rb1 Kf8 24. Qe3 Rxe4 25. Qh6+ Ke8 26. Qd2 Qd5 27.
f3 Rxg3 28. Rxe4 Nxe4 29. Qf4 Rh3+ 30. Kg2 Rg3+ 31. Kh1 Rh3+ 32. Kg2 Rg3+ 33.
Kh1 1/2-1/2

[Event "35th Zalakaros Open 2016"]
[Site "Zalakaros HUN"]
[Date "2016.06.02"]
[Round "7.51"]
[White "Balint, Vilmos"]
[Black "Nemec, Vjekoslav"]
[Result "1-0"]
[WhiteElo "2289"]
[BlackElo "2175"]
[WhiteFideId "718050"]
[BlackFideId "14540274"]
[EventDate "2016.05.27"]

1. Nf3 g6 2. g3 Bg7 3. d4 d6 4. Bg2 e5 5. dxe5 dxe5 6. Qxd8+ Kxd8 7. Na3 c6 8.
Nc4 Nd7 9. Ng5 Nh6 10. Bd2 Kc7 11. Bb4 b6 12. Bd6+ Kb7 13. O-O-O Re8 14. Ba3 Bf8
15. Bxf8 Rxf8 16. Rd6 Kc7 17. Rxc6+ 1-0

[Event "35th Zalakaros Open 2016"]
[Site "Zalakaros HUN"]
[Date "2016.06.02"]
[Round "7.52"]
[White "Boguszlavszkij, Jevgenyij"]
[Black "Vegh, Endre"]
[Result "1/2-1/2"]
[WhiteTitle "IM"]
[BlackTitle "IM"]
[WhiteElo "2212"]
[BlackElo "2271"]
[WhiteFideId "700614"]
[BlackFideId "700568"]
[EventDate "2016.05.27"]

1. e4 g6 2. Nc3 Bg7 3. Nge2 c5 4. d4 cxd4 5. Nxd4 Nc6 6. Nde2 Nf6 7. g3 O-O 8.
Bg2 d6 9. O-O Bd7 10. Nd5 Rc8 11. a4 Bg4 12. Ne3 Bxe2 13. Qxe2 Nd4 14. Qd1 Nd7
15. c3 Nc6 16. Nd5 Nf6 17. Bg5 Nxd5 18. exd5 Ne5 19. Re1 Re8 20. Re2 Qd7 21. Qc2
Qg4 22. Bf4 Nf3+ 23. Bxf3 Qxf3 24. Qe4 Qxe4 25. Rxe4 Bf6 26. Rae1 Red8 27. g4 g5
28. Be3 b6 29. h4 h6 30. hxg5 hxg5 31. f4 gxf4 32. Bxf4 Rc5 33. g5 Be5 34. Bxe5
dxe5 35. c4 f6 36. b3 Kf7 37. gxf6 exf6 38. Rh4 Rg8+ 39. Kf2 Rcc8 40. a5 Rh8 41.
Reh1 Rxh4 42. Rxh4 Kg6 43. Rg4+ Kf7 44. Re4 bxa5 1/2-1/2

[Event "35th Zalakaros Open 2016"]
[Site "Zalakaros HUN"]
[Date "2016.06.02"]
[Round "7.53"]
[White "Peczely, Sebastian Zsombor"]
[Black "Goczo, Melinda"]
[Result "0-1"]
[BlackTitle "WIM"]
[WhiteElo "2255"]
[BlackElo "2175"]
[WhiteFideId "750964"]
[BlackFideId "711985"]
[EventDate "2016.05.27"]

1. e4 c5 2. Nf3 d6 3. d4 Nf6 4. Nc3 cxd4 5. Nxd4 g6 6. g3 Nc6 7. Nde2 Bd7 8. Bg2
Qc8 9. O-O Bh3 10. Nd5 Nxd5 11. exd5 Ne5 12. f4 Qc5+ 13. Qd4 Qxd4+ 14. Nxd4 Bxg2
15. Kxg2 Nc4 16. b3 Bg7 17. Rd1 Nb6 18. c4 O-O 19. a4 Nd7 20. Rb1 a6 21. Ba3
Rfc8 22. Bb4 Kf8 23. Kf3 Bxd4 24. Rxd4 b5 25. cxb5 axb5 26. a5 Rc2 27. Bd2 Rac8
28. b4 f5 29. Ra1 Kf7 30. Rd3 Rb2 31. h3 h6 32. g4 Rcc2 33. Ke3 Nf6 34. gxf5
gxf5 35. a6 Ra2 36. Ra3 Nxd5+ 37. Kf3 Rxa1 38. Rxa1 Rxd2 39. a7 Nb6 40. Ra5 Rd5
41. Ke3 Nc4+ 42. Ke2 Nb6 43. Ke3 Ke6 44. a8=Q Nxa8 45. Rxa8 Kf7 46. Ra7 Kf6 47.
h4 e5 48. fxe5+ Rxe5+ 0-1

[Event "35th Zalakaros Open 2016"]
[Site "Zalakaros HUN"]
[Date "2016.06.02"]
[Round "7.54"]
[White "Rigo, Janos"]
[Black "Balokas, Dimitrios"]
[Result "1-0"]
[WhiteTitle "IM"]
[WhiteElo "2238"]
[BlackElo "2170"]
[WhiteFideId "700371"]
[BlackFideId "4216920"]
[EventDate "2016.05.27"]

1. e4 e5 2. Nf3 Nc6 3. Bc4 Bc5 4. c3 Nf6 5. d3 O-O 6. b4 Bb6 7. Bg5 d6 8. Nbd2
Ne7 9. Nh4 Bg4 10. Ndf3 d5 11. exd5 Nexd5 12. Bxd5 Qxd5 13. c4 Qe6 14. c5 e4 15.
dxe4 Qxe4+ 16. Kf1 Qxb4 17. cxb6 Ne4 18. Qb3 Qa5 19. Be3 g5 20. Qc4 Rae8 21.
Nxg5 Nd2+ 22. Bxd2 Qxd2 23. Qxg4 1-0

[Event "35th Zalakaros Open 2016"]
[Site "Zalakaros HUN"]
[Date "2016.06.02"]
[Round "7.55"]
[White "Laza, Szabolcs"]
[Black "Tirelli, Mauro"]
[Result "1/2-1/2"]
[WhiteElo "2168"]
[BlackElo "2217"]
[WhiteFideId "741345"]
[BlackFideId "845353"]
[EventDate "2016.05.27"]

1. d4 Nf6 2. c4 e5 3. dxe5 Ng4 4. Bf4 g5 5. Bg3 Bg7 6. Nf3 Nc6 7. Qd5 d6 8. Nc3
Ngxe5 9. Nxe5 Nxe5 10. e3 Be6 11. Qd1 c6 12. Be2 Nxc4 13. Bxc4 Bxc4 14. Qxd6
Qxd6 15. Bxd6 Rd8 16. O-O-O f5 1/2-1/2

[Event "35th Zalakaros Open 2016"]
[Site "Zalakaros HUN"]
[Date "2016.06.03"]
[Round "8.1"]
[White "Ivanisevic, Ivan"]
[Black "Rakhmanov, Aleksandr"]
[Result "1-0"]
[WhiteTitle "GM"]
[BlackTitle "GM"]
[WhiteElo "2646"]
[BlackElo "2654"]
[WhiteFideId "912417"]
[BlackFideId "4173708"]
[EventDate "2016.05.27"]

1. d4 Nf6 2. c4 d6 3. Nc3 e5 4. Nf3 e4 5. Nd2 Bf5 6. e3 c6 7. Be2 d5 8. g4 Be6
9. g5 Nfd7 10. Qb3 Qb6 11. cxd5 cxd5 12. f3 Qxb3 13. Nxb3 exf3 14. Bxf3 Bb4 15.
O-O Bxc3 16. bxc3 Nc6 17. e4 dxe4 18. Bxe4 Bc4 19. Bxc6 bxc6 20. Re1+ Be6 21.
Na5 Rc8 22. Nb7 Rb8 23. Nd6+ Kd8 24. Bf4 Rf8 25. c4 Rb4 26. a4 h6 27. g6 Rb2 28.
a5 fxg6 29. Bc1 Rbf2 30. Ba3 Bh3 31. Nb7+ Kc7 32. Bxf8 Rxf8 33. Ra3 Bg4 34. a6
Rf4 35. d5 Nf6 36. d6+ Kc8 37. Re7 Bd7 38. Nc5 1-0

[Event "35th Zalakaros Open 2016"]
[Site "Zalakaros HUN"]
[Date "2016.06.03"]
[Round "8.2"]
[White "Prohaszka, Peter2"]
[Black "Vajda, Levente"]
[Result "1/2-1/2"]
[WhiteTitle "GM"]
[BlackTitle "GM"]
[WhiteElo "2593"]
[BlackElo "2581"]
[WhiteFideId "726265"]
[BlackFideId "1203975"]
[EventDate "2016.05.27"]

1. d4 Nf6 2. Nf3 g6 3. Bg5 Bg7 4. c3 b6 5. Nbd2 Bb7 6. e3 d6 7. a4 Nbd7 8. a5 a6
9. axb6 cxb6 10. Be2 O-O 11. O-O Qc7 12. c4 a5 13. Nb1 e5 14. Nc3 Ne4 15. Nb5
Qc6 16. d5 Qc5 17. Bh4 Ba6 18. Bd3 Nef6 19. e4 Bh6 20. Ra3 Rfc8 21. Qa1 Kg7 22.
Ra4 Bxb5 23. cxb5 Qc7 24. Bxf6+ Kxf6 25. Rc4 Nc5 26. Be2 Qd7 27. Rc3 Kg7 28. Qb1
Rf8 29. Nh4 Bg5 30. Nf3 Qe7 31. g3 f5 32. exf5 Rxf5 33. Nxg5 Qxg5 34. Rf3 Rxf3
35. Bxf3 Rf8 36. Qd1 Qf5 37. Be2 Qe4 38. Qd2 Nb3 39. Qc3 Nd4 40. Bd1 Rf7 41. Qc8
Qxd5 42. Qd8 Qc5 43. h4 Qc7 44. Qg5 Nxb5 45. h5 Nd4 46. Bg4 Qe7 47. h6+ Kf8 48.
Qe3 Qd8 49. Qe4 Qc7 50. Qe3 Qd8 51. Qe4 Qg5 52. Qa8+ Ke7 53. Qc8 Qxh6 54. Qd7+
Kf8 55. Qxd6+ Kg8 56. Qxe5 Qd2 57. Qb8+ Kg7 58. Qe5+ Kg8 59. Qb8+ Kg7 60. Qe5+ 1/2-1/2

[Event "35th Zalakaros Open 2016"]
[Site "Zalakaros HUN"]
[Date "2016.06.03"]
[Round "8.3"]
[White "Svane, Rasmus"]
[Black "Efimenko, Zahar"]
[Result "1/2-1/2"]
[WhiteTitle "IM"]
[BlackTitle "GM"]
[WhiteElo "2526"]
[BlackElo "2656"]
[WhiteFideId "4657101"]
[BlackFideId "14107201"]
[EventDate "2016.05.27"]

1. Nf3 d6 2. d4 g6 3. c4 Bg7 4. e4 Bg4 5. Be2 Nc6 6. Nbd2 Nf6 7. d5 Nb8 8. O-O
O-O 9. Qc2 Na6 10. h3 Bd7 11. Nb3 c6 12. Bd2 cxd5 13. cxd5 Rc8 14. Bc3 e6 15.
dxe6 Bxe6 16. Nfd4 Bd7 17. Bf3 Re8 18. Rad1 b5 19. Qd3 b4 20. Qxa6 bxc3 21. bxc3
Qb6 22. Qxb6 axb6 23. Rfe1 Ba4 24. Re3 h5 25. Ne2 Bh6 26. Red3 Bb5 27. Rd4 Bxe2
28. Bxe2 Nxe4 29. Ba6 Rb8 30. Rc4 Bg7 31. Rd3 Nc5 32. Nxc5 bxc5 33. g3 Rb6 34.
Ra4 Ra8 35. Bb5 Rxa4 36. Bxa4 c4 37. Rf3 Kf8 38. Re3 Bf6 39. Re8+ Kg7 40. Rc8 d5
41. Rc5 Bxc3 42. Rxd5 Rb2 43. Bb5 Be1 44. Bxc4 Bxf2+ 45. Kg2 Be1+ 46. Kf3 Rf2+
47. Ke3 Rc2 48. Bb3 Rc3+ 49. Rd3 Rxd3+ 50. Kxd3 Bxg3 51. Ke4 f5+ 52. Kf3 Be1 53.
Ba4 Kf7 54. Kg2 Ke7 55. Bb5 g5 56. Be2 g4 57. hxg4 hxg4 58. Bd3 Kf6 59. a4 Ke5
60. Bc2 Ba5 61. Bd3 Bc7 62. Bc2 Kf4 63. Bd3 Kg5 64. Bc2 f4 65. Bd1 Kh4 66. Be2
Bb6 67. Bd1 f3+ 68. Bxf3 gxf3+ 69. Kxf3 1/2-1/2

[Event "35th Zalakaros Open 2016"]
[Site "Zalakaros HUN"]
[Date "2016.06.03"]
[Round "8.4"]
[White "Berkes, Ferenc"]
[Black "Papp, Gabor1"]
[Result "1-0"]
[WhiteTitle "GM"]
[BlackTitle "GM"]
[WhiteElo "2636"]
[BlackElo "2596"]
[WhiteFideId "718572"]
[BlackFideId "718602"]
[EventDate "2016.05.27"]

1. d4 Nf6 2. c4 e6 3. Nf3 b6 4. Bf4 Bb7 5. e3 Be7 6. Nc3 Nh5 7. Bd3 d6 8. Qe2
Nd7 9. O-O-O Bf6 10. g4 Nxf4 11. exf4 g6 12. Kb1 Qe7 13. Nb5 O-O 14. g5 Bg7 15.
Nxc7 Rac8 16. Nd5 Qd8 17. Nc3 a6 18. Be4 Qc7 19. Bxb7 Qxb7 20. Rc1 Rfe8 21. h4
Qc7 22. Ne4 Qb8 23. Qd2 Red8 24. Qe3 b5 25. c5 dxc5 26. dxc5 Rc7 27. h5 Qa8 28.
hxg6 hxg6 29. Ne5 Kf8 30. Nd6 Nxc5 31. Ndxf7 Rd5 32. Nh8 Ke8 33. Nhxg6 Qc8 34.
Qh3 Rd2 35. Qh8+ Bxh8 36. Rxh8# 1-0

[Event "35th Zalakaros Open 2016"]
[Site "Zalakaros HUN"]
[Date "2016.06.03"]
[Round "8.5"]
[White "Deac, Bogdan-Daniel"]
[Black "Banusz, Tamas"]
[Result "1/2-1/2"]
[WhiteTitle "IM"]
[BlackTitle "GM"]
[WhiteElo "2501"]
[BlackElo "2621"]
[WhiteFideId "1226380"]
[BlackFideId "722413"]
[EventDate "2016.05.27"]

1. Nf3 c5 2. c4 Nc6 3. d4 cxd4 4. Nxd4 Nf6 5. Nc3 e6 6. a3 Bc5 7. Nb3 Bb6 8. Bf4
d5 9. e3 O-O 10. Be2 h6 11. Bg3 dxc4 12. Bxc4 Bd7 13. O-O Na5 14. Nxa5 Bxa5 15.
b4 Bc7 16. Be2 Rc8 17. Rc1 Bxg3 18. hxg3 Qb6 19. Qb3 Rc7 20. Bf3 Rfc8 21. Qb2
Bc6 22. Na2 Bxf3 23. gxf3 Qb5 24. Rxc7 Rxc7 25. Rc1 Rxc1+ 26. Nxc1 Qc4 27. Ne2
Nd5 28. e4 Ne7 29. Kg2 Nc6 30. b5 Ne7 1/2-1/2

[Event "35th Zalakaros Open 2016"]
[Site "Zalakaros HUN"]
[Date "2016.06.03"]
[Round "8.6"]
[White "Medvegy, Zoltan"]
[Black "Aryan, Chopra"]
[Result "1/2-1/2"]
[WhiteTitle "GM"]
[BlackTitle "IM"]
[WhiteElo "2553"]
[BlackElo "2459"]
[WhiteFideId "708402"]
[BlackFideId "5084423"]
[EventDate "2016.05.27"]

1. c4 c6 2. Nc3 d5 3. e3 Nf6 4. Nf3 e6 5. b3 Bd6 6. Bb2 e5 7. cxd5 cxd5 8. Nb5
Nc6 9. Nxd6+ Qxd6 10. Bb5 e4 11. Ne5 O-O 12. Nxc6 bxc6 13. Be2 Nd7 14. Qc2 Ne5
15. Rc1 Bd7 16. Qc5 Qe6 17. O-O Rfe8 18. Kh1 f6 19. b4 Qf7 20. Bd4 h5 21. f3
exf3 22. gxf3 Ng6 23. Rf2 Nh4 24. Rg1 Qe6 25. Qc3 Kf7 26. Bd3 g5 27. a3 Nf5 28.
Bc5 h4 29. f4 d4 30. Qc4 dxe3 31. dxe3 g4 32. Rxg4 Qxc4 33. Bxc4+ Be6 34. Bxe6+
Rxe6 35. Rd2 Nxe3 36. f5 Re5 37. Rxh4 Nxf5 38. Rh7+ Ke6 39. Rc7 Nh4 40. Rxc6+
Kf7 41. Bf2 Nf3 42. Rdd6 Rf5 43. Rc7+ Kg6 44. Rdd7 Ng5 45. Bxa7 Rf1+ 46. Kg2 Ra1
47. Rd3 Ra2+ 48. Kg3 Rh8 49. h4 Ne4+ 50. Kg4 Rh2 1/2-1/2

[Event "35th Zalakaros Open 2016"]
[Site "Zalakaros HUN"]
[Date "2016.06.03"]
[Round "8.7"]
[White "Puranik, Abhimanyu"]
[Black "Harika, Dronavalli"]
[Result "1/2-1/2"]
[WhiteTitle "IM"]
[BlackTitle "GM"]
[WhiteElo "2452"]
[BlackElo "2514"]
[WhiteFideId "5061245"]
[BlackFideId "5015197"]
[EventDate "2016.05.27"]

1. e4 e5 2. Nf3 Nc6 3. Bb5 a6 4. Ba4 Nf6 5. O-O Be7 6. Re1 b5 7. Bb3 d6 8. c3
O-O 9. d4 Bg4 10. Be3 Na5 11. dxe5 Bxf3 12. Qxf3 dxe5 13. Nd2 1/2-1/2

[Event "35th Zalakaros Open 2016"]
[Site "Zalakaros HUN"]
[Date "2016.06.03"]
[Round "8.8"]
[White "Dragnev, Valentin"]
[Black "Kravtsiv, Martyn"]
[Result "0-1"]
[WhiteTitle "IM"]
[BlackTitle "GM"]
[WhiteElo "2423"]
[BlackElo "2641"]
[WhiteFideId "1634852"]
[BlackFideId "14113147"]
[EventDate "2016.05.27"]

1. e4 e5 2. Nf3 Nc6 3. Bb5 a6 4. Ba4 Nf6 5. O-O Be7 6. d3 d6 7. c3 O-O 8. Re1
Re8 9. Nbd2 Bf8 10. Nf1 h6 11. Ng3 b5 12. Bb3 Bb7 13. a3 Qd7 14. Nh4 d5 15. Qf3
Na5 16. Ba2 dxe4 17. Nxe4 Nxe4 18. dxe4 Nc4 19. Nf5 Rad8 20. a4 Re6 21. Bb3 Rf6
22. axb5 axb5 23. Bxc4 bxc4 24. Nxh6+ Rxh6 25. Bxh6 gxh6 26. Red1 Qc8 27. h3 Rd6
28. Rxd6 cxd6 29. Rd1 Qe6 30. Kh2 Kh7 31. Rd2 Be7 32. Rd1 Bc6 33. Kg1 Qg6 34.
Re1 Bg5 35. Kf1 Kg7 36. Qe2 Qe6 37. Rd1 Kf8 38. Ra1 d5 39. exd5 Qxd5 40. Qg4
Qd3+ 41. Kg1 Bd7 42. Qh5 Qe4 43. Qd1 Be6 44. Ra5 Bf4 45. Kf1 Qd3+ 46. Ke1 Kg7
47. Qxd3 cxd3 48. Rb5 Bc4 49. Rb4 Bd5 50. f3 Ba2 51. g3 Be3 52. Rb5 Bc4 53. Rb8
d2+ 54. Kd1 Bd5 0-1

[Event "35th Zalakaros Open 2016"]
[Site "Zalakaros HUN"]
[Date "2016.06.03"]
[Round "8.9"]
[White "Romanov, Evgeny"]
[Black "Horvath, Adam1"]
[Result "1/2-1/2"]
[WhiteTitle "GM"]
[BlackTitle "GM"]
[WhiteElo "2641"]
[BlackElo "2515"]
[WhiteFideId "4148843"]
[BlackFideId "708003"]
[EventDate "2016.05.27"]

1. d4 Nf6 2. Bg5 e6 3. Nd2 c5 4. e3 Be7 5. Ngf3 b6 6. Bd3 cxd4 7. exd4 Nd5 8.
Bxe7 Qxe7 9. Be4 Bb7 10. O-O b5 11. c3 a6 12. Qb3 Bc6 13. a4 bxa4 14. Qc2 Nb6
15. c4 d5 16. Bxh7 g6 17. Bxg6 fxg6 18. Ne5 Qh7 19. h3 dxc4 20. Ndxc4 Nxc4 21.
Qxc4 Bd5 22. Qc8+ Ke7 23. Qxh8 Qxh8 24. Nxg6+ Kf6 25. Nxh8 Nc6 26. Rxa4 a5 27.
f3 Rxh8 28. Kh2 Bb3 29. Raa1 a4 30. Rae1 Bc2 31. Rf2 Nxd4 32. Rc1 Bb3 33. g4 Bd5
34. Rc3 Nb5 35. Rc5 Rb8 36. Kg3 Nd6 37. Ra5 Rb3 38. Kh4 Rb4 39. f4 Rb8 40. Rxa4
Ne4 41. Rxe4 Bxe4 42. Re2 Rb4 43. Kg3 Bd5 44. Rf2 Rb3+ 45. Kh4 Rb4 46. Kh5 Be4
47. Kh4 Rb3 48. Re2 Bb1 49. Rf2 Re3 50. Rf1 Be4 51. Rf2 Bd3 52. Rg2 Bf1 53. Rg3
Re2 54. f5 exf5 55. Rf3 1/2-1/2

[Event "35th Zalakaros Open 2016"]
[Site "Zalakaros HUN"]
[Date "2016.06.03"]
[Round "8.10"]
[White "Korpa, Bence"]
[Black "Perunovic, Milos"]
[Result "0-1"]
[WhiteTitle "IM"]
[BlackTitle "GM"]
[WhiteElo "2461"]
[BlackElo "2639"]
[WhiteFideId "706671"]
[BlackFideId "921629"]
[EventDate "2016.05.27"]

1. c4 c5 2. Nc3 Nf6 3. g3 e6 4. Nf3 b6 5. Bg2 Bb7 6. O-O a6 7. Re1 Be7 8. e4 d6
9. d4 cxd4 10. Nxd4 Qc7 11. Be3 Nbd7 12. Rc1 Rc8 13. f4 O-O 14. f5 e5 15. Nd5
Qd8 16. Nb3 Nxd5 17. cxd5 Bg5 18. Rxc8 Bxe3+ 19. Rxe3 Bxc8 20. a3 g6 21. Nd2 b5
22. Kh1 Nf6 23. g4 h5 24. h3 hxg4 25. hxg4 Nh7 26. Rc3 Kg7 27. Nf3 Rh8 28. Kg1
b4 29. axb4 Qb6+ 30. Kf1 Bd7 31. Qc1 Nf6 32. Qe3 Qb5+ 33. Kg1 Nxg4 34. Qa7 Qe2
35. fxg6 Kxg6 36. Bf1 Qxb2 37. Rc7 Nh2 38. Ne1 Qb3 39. Rc2 Nxf1 40. Qxd7 Qe3+
41. Rf2 Rh1+ 42. Kxh1 Qxf2 43. Qg4+ Kf6 44. Ng2 Ng3+ 45. Kh2 Ne2 46. Kh3 Ng1+
47. Kh2 Nf3+ 48. Kh3 Ng5+ 49. Kh2 Qf3 50. Qc8 Qh5+ 51. Kg1 Nh3+ 52. Kh2 Nf4+ 53.
Kg1 Qg6 0-1

[Event "35th Zalakaros Open 2016"]
[Site "Zalakaros HUN"]
[Date "2016.06.03"]
[Round "8.11"]
[White "Costachi, Mihnea"]
[Black "Onischuk, Vladimir"]
[Result "0-1"]
[WhiteTitle "FM"]
[BlackTitle "GM"]
[WhiteElo "2397"]
[BlackElo "2628"]
[WhiteFideId "1217518"]
[BlackFideId "14114038"]
[EventDate "2016.05.27"]

1. d4 d6 2. e4 Nf6 3. Nc3 g6 4. Nf3 Bg7 5. Be3 c6 6. Qd2 Qa5 7. a3 Ng4 8. Bg5 f6
9. Bh4 O-O 10. Bc4+ e6 11. O-O Nh6 12. b4 Qc7 13. Bg3 Nf7 14. Bb3 Re8 15. Ne2 e5
16. h3 Nd7 17. c4 c5 18. dxc5 dxc5 19. Nc3 Nb6 20. Nd5 Nxd5 21. cxd5 c4 22. Qc3
Nd6 23. Bc2 Bd7 24. Nd2 f5 25. f3 a5 26. Bf2 Rec8 27. a4 b5 28. bxa5 Qxa5 29.
Qxa5 Rxa5 30. axb5 Rxa1 31. Rxa1 Nxb5 32. Ba4 Bh6 33. Bxb5 Bxb5 34. Nf1 c3 35.
Be3 f4 36. Bc1 Bf8 37. g3 Bd6 38. gxf4 exf4 39. Kf2 Kf7 40. Ke1 h5 41. Rb1 Rb8
42. Ra1 Bd3 43. h4 Kf6 44. Kf2 Rb2+ 45. Kg1 Re2 46. Ba3 Bxa3 47. Rxa3 c2 48. Ra1
Ke5 49. Rc1 Bb5 50. Ra1 Kd4 51. d6 Bd7 52. e5 Kxe5 53. Rc1 Kxd6 54. Ra1 Ke5 0-1

[Event "35th Zalakaros Open 2016"]
[Site "Zalakaros HUN"]
[Date "2016.06.03"]
[Round "8.12"]
[White "Szabo, Gergely-Andras-Gyula"]
[Black "Gazik, Viktor"]
[Result "1-0"]
[WhiteTitle "GM"]
[BlackTitle "FM"]
[WhiteElo "2548"]
[BlackElo "2433"]
[WhiteFideId "1205064"]
[BlackFideId "14928752"]
[EventDate "2016.05.27"]

1. e4 Nf6 2. e5 Nd5 3. d4 Nb6 4. a4 a5 5. Nf3 d6 6. Bb5+ c6 7. Bd3 Bg4 8. exd6
exd6 9. O-O Be7 10. Nbd2 N8d7 11. Ne4 Nd5 12. Ng3 O-O 13. c3 Re8 14. h3 Be6 15.
Re1 Nf8 16. Qc2 Qd7 17. Ng5 Bxg5 18. Bxg5 f6 19. Bd2 Bf7 20. Be4 Bg6 21. Qb3 Bf7
22. c4 Ne7 23. d5 cxd5 24. cxd5 Nfg6 25. Rad1 f5 26. Bf3 Ne5 27. Bg5 N7g6 28.
Be2 f4 29. Bb5 Qc7 30. Nh5 f3 31. Rc1 Qb8 32. Bxe8 Qxe8 33. Bf6 Qd7 34. Bxg7 Qf5
35. Bxe5 Nxe5 36. Ng3 Qf4 37. Qxb7 Rf8 38. Rc8 fxg2 39. Rxf8+ Kxf8 40. Qc8+ Kg7
41. Re4 Qf3 42. Rxe5 dxe5 43. d6 Bd5 44. Nf5+ Kf7 45. Qd7+ Kf6 46. Ne3 Be4 47.
Qe7+ Kg6 48. Qe6+ 1-0

[Event "35th Zalakaros Open 2016"]
[Site "Zalakaros HUN"]
[Date "2016.06.03"]
[Round "8.13"]
[White "Horvath, Jozsef1"]
[Black "Mihok, Oliver"]
[Result "1/2-1/2"]
[WhiteTitle "GM"]
[BlackTitle "GM"]
[WhiteElo "2528"]
[BlackElo "2498"]
[WhiteFideId "700061"]
[BlackFideId "728012"]
[EventDate "2016.05.27"]

1. c4 c5 2. Nf3 Nc6 3. d4 cxd4 4. Nxd4 Nf6 5. g3 Qa5+ 6. Bd2 Qb6 7. Nb3 Ne5 8.
Bg2 Nxc4 9. Bc3 e6 10. e4 Be7 11. Qe2 Qa6 12. O-O Nb6 13. Qxa6 bxa6 14. a4 Bb7
15. N1d2 Rc8 16. Rfc1 O-O 17. a5 Nc4 18. Bxf6 Nxd2 19. Bxe7 Nxb3 20. Rxc8 Rxc8
21. Rd1 Bc6 22. Bf1 Bxe4 23. Rxd7 h6 24. Rd8+ Rxd8 25. Bxd8 Bb7 26. f4 Kf8 27.
Kf2 Ke8 28. Bc7 h5 29. Bc4 Kd7 30. Be5 Nxa5 31. Be2 g6 32. Bd4 Nc6 33. Bc5 Kc7
34. Bf3 Nb8 35. Be2 Nd7 36. Bxa7 Nf6 37. Ke3 Ng4+ 38. Bxg4 hxg4 1/2-1/2

[Event "35th Zalakaros Open 2016"]
[Site "Zalakaros HUN"]
[Date "2016.06.03"]
[Round "8.14"]
[White "Shyam, Sundar M."]
[Black "Kreisl, Robert"]
[Result "1-0"]
[WhiteTitle "GM"]
[BlackTitle "IM"]
[WhiteElo "2530"]
[BlackElo "2439"]
[WhiteFideId "5019141"]
[BlackFideId "1613880"]
[EventDate "2016.05.27"]

1. e4 c5 2. Nf3 e6 3. d4 cxd4 4. Nxd4 Nc6 5. Nc3 Qc7 6. g3 a6 7. Bg2 Nf6 8. O-O
Nxd4 9. Qxd4 Bc5 10. Bf4 d6 11. Qd2 h6 12. Rad1 e5 13. Be3 Be6 14. Bxc5 dxc5 15.
Nd5 Bxd5 16. exd5 Qd6 17. c4 O-O 18. Rfe1 Rfe8 19. Re2 Re7 20. a3 a5 21. Rde1 b6
22. f4 Rae8 23. fxe5 Rxe5 24. Rxe5 Rxe5 25. Rxe5 Qxe5 26. d6 Qe6 27. Bc6 Qxc4
28. d7 Nxd7 29. Bxd7 b5 30. Bh3 b4 31. Bf1 Qe6 32. h4 Qe5 33. Kh2 g5 34. hxg5
hxg5 35. Bc4 Kg7 36. a4 g4 37. b3 Qh5+ 38. Kg1 Qe5 39. Qf2 f5 40. Kh2 Kg6 41.
Qd2 Qh8+ 42. Kg1 Qa1+ 43. Kg2 Qe5 44. Kf2 Qf6 45. Qe3 Qb2+ 46. Be2 Qc2 47. Qe6+
Kg7 48. Qc4 Qb2 49. Qxc5 Qxb3 50. Qxa5 Qb1 51. Qe5+ Kg6 52. Qd6+ Kg7 53. Qd3 Qa1
54. Qd7+ Kh6 55. Qd6+ Kh5 56. Qxb4 f4 57. Qxf4 Qf6 58. Bxg4+ 1-0

[Event "35th Zalakaros Open 2016"]
[Site "Zalakaros HUN"]
[Date "2016.06.03"]
[Round "8.15"]
[White "Lalic, Bogdan"]
[Black "Miron, Lucian-Costin"]
[Result "1/2-1/2"]
[WhiteTitle "GM"]
[BlackTitle "IM"]
[WhiteElo "2431"]
[BlackElo "2524"]
[WhiteFideId "409081"]
[BlackFideId "1210920"]
[EventDate "2016.05.27"]

1. c4 Nf6 2. Nc3 e6 3. e4 c5 4. e5 Ng8 5. d4 cxd4 6. Qxd4 Nc6 7. Qe4 f5 8. Qe2
Bc5 9. Nf3 Nge7 10. Bd2 a6 11. h4 O-O 12. h5 Nd4 13. Nxd4 Bxd4 14. h6 g6 15. Bg5
Qa5 16. Bxe7 Bxc3+ 17. Kd1 Re8 18. Bd6 Bb4 19. Bxb4 Qxb4 20. Rh3 b5 21. Rb3 Qe7
22. Qd2 Bb7 23. Rd3 Bc6 24. Rd6 Qh4 25. Rc1 f4 26. Rd4 Rf8 27. f3 Qxh6 28. Bd3
Qg7 29. Qe2 Qe7 30. cxb5 axb5 31. Bxb5 Rxa2 32. Bxc6 dxc6 33. Rxc6 Qb7 34. Rc2
Ra1+ 35. Kd2 Qb6 36. Qc4 Rg1 37. Kc3 Qa5+ 38. b4 Qxe5 39. Qe2 Rc8+ 40. Kb3 Rb1+
41. Ka2 Ra1+ 42. Kb3 Rb1+ 43. Ka2 Rxc2+ 44. Qxc2 Qxd4 45. Qxb1 Kf7 46. Kb3 Ke7
47. Qc2 Qd5+ 48. Ka4 Kd6 49. b5 g5 50. Qxh7 Qa2+ 51. Kb4 Qd2+ 52. Ka4 Qa2+ 53.
Kb4 Qd2+ 1/2-1/2

[Event "35th Zalakaros Open 2016"]
[Site "Zalakaros HUN"]
[Date "2016.06.03"]
[Round "8.16"]
[White "Nguyen, Thai Dai Van"]
[Black "Andersen, Mads"]
[Result "1/2-1/2"]
[WhiteTitle "FM"]
[BlackTitle "GM"]
[WhiteElo "2438"]
[BlackElo "2505"]
[WhiteFideId "358878"]
[BlackFideId "1413864"]
[EventDate "2016.05.27"]

1. e4 c5 2. Nf3 d6 3. d4 cxd4 4. Nxd4 Nf6 5. Nc3 a6 6. h3 e6 7. g4 d5 8. Nde2
Bc5 9. exd5 Qb6 10. Be3 Bxe3 11. fxe3 Qxb2 12. e4 O-O 13. Bg2 Nbd7 14. O-O Qb6+
15. Kh1 Qc5 16. Rb1 Rb8 17. Qd2 b5 18. Ng3 Qd6 19. Nce2 Bb7 20. Rbd1 h6 21. Nf4
Qe5 22. Qf2 Rfc8 23. dxe6 fxe6 24. Ng6 Qc5 25. e5 Bxg2+ 26. Kxg2 Nd5 27. Qxc5
Rxc5 28. Ne7+ Kh7 29. Nxd5 exd5 30. Rfe1 Re8 31. e6 Rxc2+ 32. Kg1 Nf6 33. Re5
Rc6 34. e7 g6 35. Rde1 Kg7 36. Ne2 Rc4 37. Ng3 a5 38. R1e2 b4 39. Kg2 a4 40. Nf1
d4 41. Rf2 b3 42. axb3 axb3 43. Rb5 Ne4 44. Nd2 Rc5 45. Nxe4 Rxb5 46. Nd6 Rbb8
47. Nxe8+ Rxe8 48. Rb2 Rxe7 49. Rxb3 Rd7 50. Kf2 d3 51. Ke1 d2+ 52. Kd1 Rd6 53.
h4 Rd4 54. Rb7+ Kf8 55. Rb8+ Ke7 56. Rb7+ Ke8 57. Rb8+ Kd7 58. Rb7+ Kd8 59. Rh7
Rxg4 60. Rxh6 1/2-1/2